000184165 001__ 184165
000184165 005__ 20240207151505.0
000184165 0247_ $$2doi$$a10.15120/GR-2015-1-FG-GENERAL-33
000184165 037__ $$aGSI-SR2014-FG-GENERAL-33
000184165 041__ $$aEnglish
000184165 0881_ $$aGSI Report 2015-1
000184165 088__ $$2GSI$$aGSI Report 2015-1
000184165 1001_ $$0P:(DE-HGF)0$$aHelmecke, M. R.$$b0
000184165 245__ $$aTransport concept for highly activated antiproton production targets
000184165 260__ $$aDarmstadt$$bGSI Helmholtzzentrum für Schwerionenforschung$$c2015
000184165 29510 $$aScientific Report 2014
000184165 300__ $$a450 p.
000184165 3367_ $$2DRIVER$$abookPart
000184165 3367_ $$2BibTeX$$aINBOOK
000184165 3367_ $$07$$2EndNote$$aBook Section
000184165 3367_ $$0PUB:(DE-HGF)7$$2PUB:(DE-HGF)$$aContribution to a book$$bcontb$$mcontb$$s1451325740_12921
000184165 3367_ $$0PUB:(DE-HGF)15$$2PUB:(DE-HGF)$$aInternal Report$$mintrep
000184165 4900_ $$aGSI Report$$v2015-1$$x0171-4546
000184165 4900_ $$aGSI Scientific Report$$v2014$$x0174-0814
000184165 500__ $$apsp 2.9.11.6 pbar separator
000184165 536__ $$0G:(DE-HGF)POF2-899$$a899 - ohne Topic (POF2-899)$$cPOF2-899$$fPOF I$$x0
000184165 536__ $$0G:(DE-HGF)POF2-54G32$$a54G - GSI-participation in FAIR (POF2-54G32)$$cPOF2-54G32$$fPOF II$$x1
000184165 536__ $$0G:(DE-Ds200)GSILSFpbarSeparator$$aGSI Machine pbar-Separator (GSILSFpbarSeparator)$$cGSILSFpbarSeparator$$x2
000184165 536__ $$0G:(DE-Ds200)PSP-2-9-1$$aPSP 2.9.1 p-bar Separator Beam Dynamics (PSP-2-9-1)$$cPSP-2-9-1$$x3
000184165 7001_ $$0P:(DE-Ds200)OR0285$$aFehrenbacher, G.$$b1$$ugsi
000184165 7001_ $$0P:(DE-Ds200)OR0369$$aGostishchev, V.$$b2$$ugsi
000184165 7001_ $$0P:(DE-Ds200)OR5267$$aHettinger, R.$$b3$$ugsi
000184165 7001_ $$0P:(DE-Ds200)OR2110$$aKnie, Klaus$$b4$$ugsi
000184165 7001_ $$0P:(DE-Ds200)OR0692$$aLang, R.$$b5$$ugsi
000184165 7001_ $$0P:(DE-HGF)0$$aFitting, J.$$b6
000184165 773__ $$a10.15120/GR-2015-1-FG-GENERAL-33
000184165 8564_ $$uhttps://repository.gsi.de/record/184165/files/FG-GENERAL-33.pdf$$yOpenAccess
000184165 909CO $$ooai:repository.gsi.de:184165$$pdnbdelivery$$pdriver$$pVDB$$popen_access$$popenaire$$qec_fundedresources
000184165 9101_ $$0I:(DE-Ds200)20121206GSI$$6P:(DE-HGF)0$$aGSI Helmholtzzentrum für Schwerionenforschung GmbH$$b0$$kGSI
000184165 9101_ $$0I:(DE-Ds200)20121206GSI$$6P:(DE-Ds200)OR0285$$aGSI Helmholtzzentrum für Schwerionenforschung GmbH$$b1$$kGSI
000184165 9101_ $$0I:(DE-Ds200)20121206GSI$$6P:(DE-Ds200)OR0369$$aGSI Helmholtzzentrum für Schwerionenforschung GmbH$$b2$$kGSI
000184165 9101_ $$0I:(DE-Ds200)20121206GSI$$6P:(DE-Ds200)OR5267$$aGSI Helmholtzzentrum für Schwerionenforschung GmbH$$b3$$kGSI
000184165 9101_ $$0I:(DE-Ds200)20121206GSI$$6P:(DE-Ds200)OR2110$$aGSI Helmholtzzentrum für Schwerionenforschung GmbH$$b4$$kGSI
000184165 9101_ $$0I:(DE-Ds200)20121206GSI$$6P:(DE-Ds200)OR0692$$aGSI Helmholtzzentrum für Schwerionenforschung GmbH$$b5$$kGSI
000184165 9131_ $$0G:(DE-HGF)POF2-899$$1G:(DE-HGF)POF2-890$$2G:(DE-HGF)POF2-800$$3G:(DE-HGF)POF2$$4G:(DE-HGF)POF$$aDE-HGF$$bProgrammungebundene Forschung$$lohne Programm$$vohne Topic$$x0
000184165 9131_ $$0G:(DE-HGF)POF2-54G32$$1G:(DE-HGF)POF2-540$$2G:(DE-HGF)POF2-500$$3G:(DE-HGF)POF2$$4G:(DE-HGF)POF$$aDE-HGF$$bStruktur der Materie$$lForschung mit Photonen, Neutronen, Ionen$$vGSI-participation in FAIR$$x1
000184165 9141_ $$y2014
000184165 915__ $$0StatID:(DE-HGF)0510$$2StatID$$aOpenAccess
000184165 915__ $$0LIC:(DE-HGF)CCBY3$$2HGFVOC$$aCreative Commons Attribution CC BY 3.0
000184165 9201_ $$0I:(DE-Ds200)BUD-20051214OR030$$kBUD$$lBibliothek & Dokumentation$$x0
000184165 9201_ $$0I:(DE-Ds200)SSBV-20051214OR015$$kSSBV$$lStrahlenschutzbevollmächtigter$$x1
000184165 9201_ $$0I:(DE-Ds200)20121002OR227$$kEMI$$lMaschinenbau$$x2
000184165 9201_ $$0I:(DE-Ds200)PRO-20160831OR356$$kPRO$$lGesamtprojektleitung FAIR$$x3
000184165 9201_ $$0I:(DE-Ds200)IOS-20121002OR246$$kIOS$$lIonenquellen$$x4
000184165 970__ $$aGSI-SR2014-FG-GENERAL-33
000184165 9801_ $$aFullTexts
000184165 9801_ $$aGSIasPublisher
000184165 9801_ $$aGSI Scientific Report 2014
000184165 9801_ $$aGSI Scientific Report
000184165 9801_ $$aGSI Report 2015
000184165 9801_ $$aGSI Report
000184165 9801_ $$aJahresbericht
000184165 980__ $$acontb
000184165 980__ $$aVDB
000184165 980__ $$aintrep
000184165 980__ $$aI:(DE-Ds200)20120319OR030
000184165 980__ $$aI:(DE-Ds200)BUD-20051214OR030
000184165 980__ $$aI:(DE-Ds200)20121002OR015
000184165 980__ $$aI:(DE-Ds200)SSBV-20051214OR015
000184165 980__ $$aI:(DE-Ds200)20121002OR227
000184165 980__ $$aI:(DE-Ds200)20121002OR236
000184165 980__ $$aI:(DE-Ds200)PRO-20160831OR356
000184165 980__ $$aI:(DE-Ds200)20121002OR246
000184165 980__ $$aI:(DE-Ds200)IOS-20121002OR246
000184165 980__ $$aUNRESTRICTED